Использование размерно-селективного осаждения для синтеза наночастиц гептасульфида рения; Химия и химическая технология в XXI веке; Т. 2

Xehetasun bibliografikoak
Parent link:Химия и химическая технология в XXI веке: материалы XXVI Международной научно-практической конференции студентов и молодых ученых имени выдающихся химиков Л. П. Кулёва и Н. М. Кижнера, посвященной 125-летию со дня рождения профессора Л. П. Кулёва, 19-23 мая 2025 г., г. Томск/ Национальный исследовательский Томский политехнический университет.— .— Томск: Изд-во ТПУ, 2025
Т. 2.— 2025.— С. 32-33
Egile nagusia: Клюшова Е. С.
Beste egile batzuk: Гончарова С. Ф. (научный руководитель), Егоров Н. Б. Николай Борисович
Gaia:Заглавие с экрана
Текстовый файл
Hizkuntza:errusiera
Argitaratua: 2025
Gaiak:
Sarrera elektronikoa:http://earchive.tpu.ru/handle/11683/135267
Formatua: Baliabide elektronikoa Liburu kapitulua
KOHA link:https://koha.lib.tpu.ru/cgi-bin/koha/opac-detail.pl?biblionumber=684592

MARC

LEADER 00000naa2a2200000 4500
001 684592
005 20260325140358.0
090 |a 684592 
100 |a 20260129d2025 k||y0rusy50 ca 
101 0 |a rus 
102 |a RU 
135 |a drcn ---uucaa 
200 1 |a Использование размерно-селективного осаждения для синтеза наночастиц гептасульфида рения  |f Е. С. Клюшова, С. Ф. Гончарова  |g науч. рук. Н. Б. Егоров 
300 |a Заглавие с экрана 
320 |a Список литературы: 2 назв 
336 |a Текстовый файл 
461 1 |0 684476  |9 684476  |t Химия и химическая технология в XXI веке  |o материалы XXVI Международной научно-практической конференции студентов и молодых ученых имени выдающихся химиков Л. П. Кулёва и Н. М. Кижнера, посвященной 125-летию со дня рождения профессора Л. П. Кулёва, 19-23 мая 2025 г., г. Томск  |f Национальный исследовательский Томский политехнический университет  |c Томск  |d 2025  |n Изд-во ТПУ 
463 1 |0 684479  |9 684479  |t Т. 2  |d 2025  |v С. 32-33  |u conference_tpu-2025-C27_V2.pdf 
545 1 |a Химическая технология редких, рассеянных и радиоактивных элементов 
610 1 |a труды учёных ТПУ 
610 1 |a электронный ресурс 
610 1 |a размерно-селективное осаждение 
610 1 |a наночастицы 
610 1 |a гептасульфид рения 
700 1 |a Клюшова  |b Е. С. 
701 1 |a Гончарова  |b С. Ф. 
702 1 |a Егоров  |b Н. Б.  |c химик-технолог  |c доцент Томского политехнического университета, кандидат химических наук  |f 1974-  |g Николай Борисович  |4 727 
801 0 |a RU  |b 63413507  |c 20260129  |g RCR 
850 |a 63413507 
856 4 0 |u http://earchive.tpu.ru/handle/11683/135267  |z http://earchive.tpu.ru/handle/11683/135267 
942 |c CF